00923 a2200193 4500003000500000005001700005020002200022040000900044082001000053100002200063245005000085250002500135260003500160300001800195500003900213500004600252505042000298650001100718Nust20170207154043.0 a978-0-465-01408-8 cNust04a658.41 aBennis, Warren G.10aOn becoming a leader -(E-BOOK)cWarren Bennis aRev. and updated ed. aNew York :bBasic Books,c2009 axxxix, 254 s. aP堯msl.: "The leadership classic" aP堯msl.: "Twentieth anniversary edition" a Mastering the Context (Page-1) Understanding the Basics (Page-33) Knowing Yourself (Page-49) Knowing the World (Page-67) Operating on Instinct (Page-95) Deploying Yourself Strike Hard, Try Everything (Page-107) Moving Through Chaos (Page-135) Getting People on Your Side (Page-147) Organizations Can Help—or Hinder (Page-165) Forging the Future (Page-185) Epilogue to the Twentieth-Anniversary Edition (Page-199) aE-BOOK